[Event "Novosibirsk April op"]
[Site "Novosibirsk"]
[Date "2008.04.09"]
[Round "5"]
[White "Fomkin, Alexander"]
[Black "Chuguev, Anton"]
[Result "0-1"]
[WhiteElo "2077"]
[BlackElo "2153"]
[PlyCount "84"]
[EventDate "2008.04.05"]
[EventType "swiss"]
[EventRounds "9"]
[EventCountry "RUS"]
[SourceTitle "EXT 2010"]
[Source "ChessBase"]
[SourceDate "2010.11.25"]
[SourceVersion "1"]
[SourceVersionDate "2010.11.25"]
[SourceQuality "1"]

1. d4 c5 2. d5 e5 3. e4 d6 4. Nc3 Ne7 5. f4 exf4 6. Bxf4 Ng6 7. Bg3 Be7 8. Nf3 Bg4 9. Be2 Bxf3 10. Bxf3 Bh4 11. Bxh4 Qxh4+ 12. g3 Qe7 13. Qe2 a6 14. a4 b6 15. 0-0 0-0 16. Bg4 Nd7 17. Bxd7 Qxd7 18. Rae1 Ne5 19. b3 Qg4 20. Qxg4 Nxg4 21. h3 Ne5 22. Kg2 Ra7 23. g4 h6 24. Ne2 Nd7 25. Ng3 g6 26. Re2 b5 27. a5 b4 28. h4 Rb7 29. Ref2 Rb5 30. h5 Kg7 31. hxg6 fxg6 32. Rxf8 Nxf8 33. e5 dxe5 34. Ne4 g5 35. Rf6 Rxa5 36. Rc6 c4 37. Rc7+ Kg6 38. Rxc4 Rxd5 39. Rc6+ Kg7 40. Rxa6 Nd7 41. Kf3 Rd4 42. Ke3 Rxe4+ 0-1